| 000 | 02564 a2200289 4500 | ||
|---|---|---|---|
| 003 | OSt | ||
| 005 | 20180116192323.0 | ||
| 008 | 120207t xxu||||| |||| 00| 0 eng d | ||
| 020 | _a074861379X (paperback) | ||
| 020 | _a9780748613793 (paperback) | ||
| 040 | _c0 | ||
| 082 | 0 | 4 | _a720.917671 |
| 100 | 1 | _aHillenbrand, Robert. | |
| 245 | 1 | 0 |
_aIslamic architecture : _bform, function and meaning / _cRobert Hillenbrand. |
| 260 |
_aEdinburgh: _bEdinburgh University Press, _c1994 |
||
| 300 |
_axiv, 664 p. ; _c25 cm. |
||
| 500 | _aIncludes index. | ||
| 520 | _aWinner of the American Publishers Association's Award for an outstanding Professional and Scholarly title and the Alice Davis Hitchcock Medallion 1996 from the Society of Architectural Historians of Great Britain. In a dazzling display of erudition, Robert Hillenbrand surveys the major building-types of the Islamic World: religious architecture (the mosque, the minaret, the madrasa), the mausoleum 'between Heaven and Earth', and the caravansarai and the palace representing the secular side. All the building-types are discussed in art-historical terms, with the interplay of form and function taken as the underlying theme of the analysis. All are comprehensively illustrated with a full range of colour and black-and-white photographs, analytical drawings, thumbnail comparative assemblies and ground plans. This major reference work, covering from Spain to Afghanistan and c. 700 to c. 1700, is a source of fascination for all seeking to appreciate the rich heritage of the Islamic World.Recurrent themes and patterns take on a wider significance - a persistent reminder that the Islamic faith and the particular type of society which it engendered makes light of vast gulfs of time and space. Features: *24 colour plates *300 black-and-white photographs *1246 line drawings *Section of composite drawings and ground plans Available in Hardback (originally published in 1994) and a revised paperback edition published in 2000. This new paperback edition includes a previously unpublished index, designed to make the book more user-friendly. | ||
| 650 | _aArchitecture, Islamic. | ||
| 650 | _aSymbolism in architecture | ||
| 650 |
_aIslamic architecture _zIslamic countries |
||
| 651 | _aIslamic countries | ||
| 856 | 4 | 0 |
_3Amazon.com _uhttp://www.amazon.com/exec/obidos/ASIN/074861379X/chopaconline-20 |
| 942 |
_aSADA _cBK _k720.917671 HIL 1994 _2ddc |
||
| 999 |
_c352127 _d352127 |
||